| 000 | 00947 a2200289 4500 | ||
|---|---|---|---|
| 999 |
_c200045465 _d33488 |
||
| 001 | 200045465 | ||
| 003 | TR-AnTOB | ||
| 005 | 20230706102327.0 | ||
| 008 | 120814s tu 000 0 | ||
| 040 |
_aTR-AnTOB _beng _erda _cTR-AnTOB |
||
| 041 | 0 | _atur | |
| 050 |
_aPL248.S469 _bZ93 1999 |
||
| 090 | _aPL248.S469 Z93 1999 | ||
| 100 | 1 |
_aSakaoğlu, Saim, _d1939- _9105418 |
|
| 245 | 1 | 0 |
_a80. doğum yılında şair Ahmet Tufan Şentürk / _cSaim Sakaoğlu. |
| 246 | 1 | 0 | _aSekseninci doğum yılında şair Ahmet Tufan Şentürk. |
| 264 | 1 |
_aAnkara : _bGünce, _c1999. |
|
| 300 |
_a112 pages ; _c13 cm. |
||
| 336 |
_2rdacontent _atext _btxt |
||
| 337 |
_2rdamedia _aunmediated _bn |
||
| 338 |
_2rdacarrier _avolume _bnc |
||
| 490 | 0 |
_aGünce Yayıncılık ; _v3 _aKültür Kitapları Dizisi ; _v1 |
|
| 600 | 1 | 0 |
_aŞentürk, Ahmet Tufan, _d1914- _983991 |
| 650 | 0 |
_aYazarlar, Türk _y20. yüzyıl _vBiyografi _9118902 |
|
| 942 |
_cBK _2lcc |
||